Truyện ngắn Mỹ đương đại
Uloženo v:
| Hlavní autoři: | , |
|---|---|
| Médium: | Sách giấy |
| Jazyk: | Vietnamese |
| Vydáno: |
Hà Nội :
Văn học ,
1998
|
| Tagy: |
Přidat tag
Žádné tagy, Buďte první, kdo otaguje tento záznam!
|
| Thư viện lưu trữ: | Thư viện Trường Đại học Đà Lạt |
|---|
| LEADER | 00567nam a2200253 4500 | ||
|---|---|---|---|
| 001 | DLU020010943 | ||
| 005 | ##12/7/1999 | ||
| 041 | # | # | |a vie |
| 082 | # | # | |a 813 |b Tru |
| 090 | # | # | |a 813 |b Tru |
| 100 | # | # | |a Hồ Anh Thái |
| 100 | # | # | |a Wayne Karlin |
| 245 | # | # | |a Truyện ngắn Mỹ đương đại |
| 260 | # | # | |a Hà Nội : |b Văn học , |c 1998 |
| 300 | # | # | |a 448 tr.; |c 19 cm. |
| 992 | # | # | |a 36000 |
| 994 | # | # | |a DLU |
| 900 | # | # | |a False |
| 911 | # | # | |a Administrator |
| 925 | # | # | |a G |
| 926 | # | # | |a A |
| 927 | # | # | |a SH |
| 980 | # | # | |a Thư viện Trường Đại học Đà Lạt |